Safely to shore : (Record no. 7023)

MARC details
000 -LEADER
fixed length control field 01130cam a22003374a 4500
001 - CONTROL NUMBER
control field 7023
003 - CONTROL NUMBER IDENTIFIER
control field FISKH
005 - DATE AND TIME OF LATEST TRANSACTION
control field 20250619085029.0
008 - FIXED-LENGTH DATA ELEMENTS--GENERAL INFORMATION
fixed length control field 020702s2003 maua b b 001 0 eng
010 ## - LIBRARY OF CONGRESS CONTROL NUMBER
LC control number 2002010488
020 ## - INTERNATIONAL STANDARD BOOK NUMBER
International Standard Book Number 1570914346 (hardcover)
020 ## - INTERNATIONAL STANDARD BOOK NUMBER
International Standard Book Number 9781570914355
020 ## - INTERNATIONAL STANDARD BOOK NUMBER
International Standard Book Number 1570914354 (softcover)
040 ## - CATALOGING SOURCE
Original cataloging agency DLC
Transcribing agency DLC
Modifying agency DLC
Language of cataloging eng
050 ## - LIBRARY OF CONGRESS CALL NUMBER
Classification number VK1023 .V35
082 ## - DEWEY DECIMAL CLASSIFICATION NUMBER
Classification number 387.1
100 1# - MAIN ENTRY--PERSONAL NAME
Personal name Van Rynbach, Iris.
245 10 - TITLE STATEMENT
Title Safely to shore :
Remainder of title America's lighthouses /
Statement of responsibility, etc. Iris Van Rynbach.
260 ## - PUBLICATION, DISTRIBUTION, ETC.
Place of publication, distribution, etc. Watertown :
Name of publisher, distributor, etc. Charlesbridge,
Date of publication, distribution, etc. 2003.
300 ## - PHYSICAL DESCRIPTION
Extent 32 pages :
Other physical details color illustrations ;
Dimensions 28 cm
504 ## - BIBLIOGRAPHY, ETC. NOTE
Bibliography, etc. note Includes bibliographical references (p. 32) and index.
505 ## - FORMATTED CONTENTS NOTE
Formatted contents note R<br/>
520 ## - SUMMARY, ETC.
Summary, etc. Describes the purpose and history of lighthouses, how they work, who keeps them, and relates stories about famous American lighthouses.
521 8# - TARGET AUDIENCE NOTE
Target audience note 700<br/>
Source Lexile estimate <br/>
521 8# - TARGET AUDIENCE NOTE
Target audience note R<br/>
Source Raz-Plus<br/>
650 #0 - SUBJECT ADDED ENTRY--TOPICAL TERM
Topical term or geographic name entry element Lighthouses
Geographic subdivision United States
Form subdivision Juvenile literature.
650 #1 - SUBJECT ADDED ENTRY--TOPICAL TERM
Topical term or geographic name entry element Lighthouses.
906 ## - LOCAL DATA ELEMENT F, LDF (RLIN)
a 7
b cbc
c orignew
d 1
e ecip
f 20
g y-gencatlg
942 ## - ADDED ENTRY ELEMENTS (KOHA)
Source of classification or shelving scheme Dewey Decimal Classification
Koha item type Books
Suppress in OPAC No
Holdings
Withdrawn status Lost status Source of classification or shelving scheme Damaged status Not for loan Collection Home library Current library Shelving location Date acquired Total Checkouts Full call number Barcode Date last seen Copy number Price effective from Koha item type
    Dewey Decimal Classification     Non-Fiction Footprints International School Library Network Toul Kork Campus Footprints International School Library Network Toul Kork Campus TK Primary Library Room(4th Floor), Bookcase 5&6, Shelves 33-56, Orange Books 06/19/2025   RYN 387.1 VK1023 .V35 FISTK02427 06/19/2025 1 06/19/2025 Books